000 00722nam a2200229 i 4500
001 bgj
100 1 _aOMAGGIO-HADLEY, Alice
_d(1947- )
245 1 0 _aTeaching Language in Context /
_cAlice Omaggio Hadley.
250 _a2nd edition.
260 _aBoston, Ma :
_bHeinle & Heinle Publishers,
_cc. 1993.
300 _aXI, 532 pp :
_bill. ;
_c24 cm.
504 _aReferences after each chapter.
505 _aIncludes index.
650 9 _aLanguage and languages
_xStudy and teaching
_xForeign language
650 9 _aLanguages, Modern
_xStudy and teaching
020 _a0838440673 (pbk)
040 _cBPK
041 0 _aeng
920 _a0-8384-4067-3 (pbk)
942 _cKS
008 s uk f |000 0 eng
999 _c48219
_d48219
856 _uhttp://koha.tu.koszalin.pl/cgi-bin/koha/opac-detail.pl?biblionumber=48219
_yKatalog online BPK